Normal görünüm MARC görünümü

Giriş Meeting Name

Kullanılan kayıt sayısı: 1

001 - CONTROL NUMBER

  • control field: 3369

003 - CONTROL NUMBER IDENTIFIER

  • control field: TR-AnABB

005 - DATE AND TIME OF LATEST TRANSACTION

  • control field: 20260413122032.0

008 - FIXED-LENGTH DATA ELEMENTS

  • fixed length control field: 260413|| aca||aabn | a|a d

040 ## - CATALOGING SOURCE

  • Original cataloging agency: TR-AnABB
  • Transcribing agency: TR-AnABB

111 ## - HEADING--MEETING NAME

  • Meeting name or jurisdiction name as entry element: Gazimağusa Sempozyumu
  • Date of meeting or treaty signing: (1999 :
  • Location of meeting: Gazimağusa)

670 ## - SOURCE DATA FOUND

  • Source citation: Koha: (TR-AnABB)10198: Gazimağusa Sempozyumu (1999 : Gazimağusa), Gazimağusa Sempozyumu 25-28 Ekim 1999, Gazimağusa /, 1999